00852nam a2200217Ia 4500003000400000005001700004008004100021020001800062040000700080041000800087082001700095100002300112245001800135260001600153300001700169365001200186520036500198650002700563650003000590700001400620OSt20260306095603.0210719s2020 xx 000 0 und d a9788194620709 cAL aeng a820.308 SHAT aShankaranarayana K aTrans tales-2 aUjirec2020 axxii,241bPB b250cRs aTrans Tales-2 is an anthology of translated stories focusing on the transgender community in India, compiled and edited by Shankaranarayana K and N. Girish. Published in 2020 by Manjushri Printers in Ujire, this collection compiles narratives from Kannada, Malayalam, and Hindi, aiming to highlight the experiences and identities of the third gender in India.  aIndian English Fiction aIndian English Literature aGirish, N